000
00245nam a2200097Ia 4500
005
20251222114346.0
008
251222s1900||||xx |||||||||||||| ||spa||
082
_a
DVD0090/M58/2006/V.2,T.2
245
0
_a
Descubriendo la historia Vol. 2:
942
_c
DVD
999
_c
1040
_d
1040